000 00634cam a2200229 4500500
005 20260329005429.0
041 _afre
042 _adc
100 1 0 _aLegros, Martin
_eauthor
245 0 0 _aComment voulons-nous être policés ?
260 _c2023.
500 _a61
690 _aBenvéniste
690 _aCité
690 _aCivilisation
690 _aÉmeute
690 _aÉtat
690 _aOrdre
690 _aPolice
786 0 _nPhilosophie magazine | 172 | 9 | 2023-09-01 | p. 9-10 | 1951-1787
856 4 1 _uhttps://shs.cairn.info/magazine-philosophie-magazine-2023-9-page-9?lang=fr&redirect-ssocas=7080
999 _c1843331
_d1843331